[Event "Milan SSM op"]
[Site "Milan"]
[Date "2014.01.16"]
[Round "2"]
[White "Greco, Giovanni"]
[Black "Blengino, Cristiano"]
[Result "1/2-1/2"]
[WhiteElo "1402"]
[BlackElo "1933"]
[PlyCount "125"]
[EventDate "2014.01.14"]
[EventType "swiss"]
[EventRounds "8"]
[EventCountry "ITA"]
[SourceTitle "EXT 2015"]
[Source "ChessBase"]
[SourceDate "2014.11.20"]
[SourceVersion "1"]
[SourceVersionDate "2014.11.20"]
[SourceQuality "1"]

1. d4 Nf6 2. c4 g6 3. Nc3 d5 4. Nf3 Bg7 5. b3 0-0 6. e3 c5 7. Bb2 cxd4 8. Nxd4 Qa5 9. Bd3 e5 10. Nc2 e4 11. Be2 dxc4 12. Bxc4 Bg4 13. Qc1 Nc6 14. 0-0 Qg5 15. Ne2 Rac8 16. Qe1 a6 17. b4 Ne5 18. Bxe5 Qxe5 19. Bb3 Rfd8 20. Ncd4 Bf8 21. Ng3 h5 22. h3 Bd7 23. a3 h4 24. Nge2 Nh5 25. f4 exf3 26. Rxf3 Be8 27. Qxh4 Be7 28. Qf2 Nf6 29. Qg3 Qxg3 30. Rxg3 Kh7 31. Rf1 Ne4 32. Rgf3 Nd2 33. Rxf7+ Kh6 34. Rxe7 Nxf1 35. Kxf1 Bd7 36. Ne6 Bxe6 37. Rxe6 Rf8+ 38. Nf4 Kh7 39. Rxg6 Rxf4+ 40. exf4 Kxg6 41. Bd5 Rc7 42. a4 b6 43. b5 axb5 44. axb5 Kf5 45. g3 Rc2 46. Kg1 Rd2 47. Bc6 Rb2 48. Kh1 Kf6 49. Bd7 Rd2 50. Bc6 Ke6 51. Kg1 Rb2 52. Kh1 Kd6 53. Kg1 Rd2 54. Kh1 Kc5 55. Kg1 Kd6 56. Kh1 Ke6 57. Kg1 Kd6 58. Kh1 Kc5 59. Kg1 Rb2 60. Kh1 Kd4 61. Kg1 Kc5 62. Kh1 Re2 63. Kg1 1/2-1/2

[Event "Pescia op-A 5th"]
[Site "Pescia"]
[Date "2013.10.12"]
[Round "3"]
[White "Baradaran, Arman"]
[Black "Blengino, Cristiano"]
[Result "0-1"]
[WhiteElo "1814"]
[BlackElo "1917"]
[PlyCount "124"]
[EventDate "2013.10.11"]
[EventType "swiss"]
[EventRounds "5"]
[EventCountry "ITA"]
[SourceTitle "EXT 2015"]
[Source "ChessBase"]
[SourceDate "2014.11.20"]
[SourceVersion "1"]
[SourceVersionDate "2014.11.20"]
[SourceQuality "1"]

1. d4 Nf6 2. c4 g6 3. Nc3 d5 4. cxd5 Nxd5 5. e4 Nxc3 6. bxc3 Bg7 7. Nf3 c5 8. Be3 0-0 9. Be2 Nc6 10. 0-0 Bg4 11. d5 Na5 12. Rc1 Qc7 13. c4 b6 14. h3 Bd7 15. Nd2 f5 16. exf5 Bxf5 17. Bg4 Nb7 18. Bxf5 gxf5 19. Bg5 Rae8 20. Re1 Nd6 21. Re6 Nf7 22. Bh4 Nd8 23. Re2 e5 24. Nb1 Nb7 25. Nc3 Nd6 26. a4 Qd7 27. Nb5 f4 28. Nxd6 Qxd6 29. f3 Qh6 30. Be1 e4 31. Bc3 Bxc3 32. Rxc3 Qg7 33. Rcc2 e3 34. Qe1 Rf6 35. Qc3 Qg5 36. Qb2 Rh6 37. Kh1 Kf7 38. Qb5 Re7 39. a5 Qg3 40. a6 Kf8 41. Qb1 Rxh3+ 42. gxh3 Qxh3+ 43. Kg1 Qxf3 44. Qf1 Qe4 45. Rg2 f3 46. Ra2 Rf7 47. Rh2 e2 48. Raxe2 fxe2 49. Qxe2 Qb1+ 50. Kg2 Qg6+ 51. Kh1 Qb1+ 52. Kg2 Rg7+ 53. Kf2 Qg1+ 54. Kf3 Rf7+ 55. Ke4 Re7+ 56. Kd3 Rxe2 57. Rxe2 Qd1+ 58. Ke3 Qd4+ 59. Kf3 Qxc4 60. Rd2 Ke7 61. d6+ Kd7 62. Ke3 Qxa6 0-1

[Event "Crema op 15th"]
[Site "Crema"]
[Date "2013.08.31"]
[Round "3"]
[White "Blengino, Cristiano"]
[Black "Ranfagni, Stefano"]
[Result "1/2-1/2"]
[WhiteElo "1911"]
[BlackElo "2038"]
[PlyCount "93"]
[EventDate "2013.08.30"]
[EventType "swiss"]
[EventRounds "6"]
[EventCountry "ITA"]
[SourceTitle "EXT 2015"]
[Source "ChessBase"]
[SourceDate "2014.11.20"]
[SourceVersion "1"]
[SourceVersionDate "2014.11.20"]
[SourceQuality "1"]

1. d4 e6 2. c4 f5 3. g3 Nf6 4. Nh3 Be7 5. Nf4 0-0 6. Bg2 c6 7. Nc3 d6 8. Qb3 Kh8 9. Nd3 Qe8 10. Bf4 Nh5 11. 0-0-0 Nxf4 12. gxf4 Bf6 13. e3 Na6 14. Bf3 Rb8 15. Qa3 Qe7 16. h4 b5 17. Qb3 bxc4 18. Qxc4 d5 19. Qa4 Qb7 20. Qc2 Bd7 21. Na4 c5 22. Naxc5 Nxc5 23. Nxc5 Qc6 24. Rd3 Qd6 25. Rc3 Rfc8 26. Be2 Be8 27. Bd3 Bd8 28. Kb1 Ba5 29. Rb3 Ba4 30. Nxa4 Rxc2 31. Rxb8+ Qxb8 32. Kxc2 Qb4 33. Nc3 h5 34. a3 Qb7 35. Na4 Bd8 36. Nc5 Qc6 37. b4 g6 38. Kb3 Kg7 39. Ba6 Be7 40. Bd3 Kf7 41. a4 Qb6 42. Bb5 a5 43. Kc3 axb4+ 44. Kxb4 Bd8 45. Nb3 Be7+ 46. Nc5 Bd8 47. Nb3 1/2-1/2

[Event "Crema op 14th"]
[Site "Crema"]
[Date "2012.09.02"]
[Round "5"]
[White "Oteri, Aldo"]
[Black "Blengino, Cristiano"]
[Result "0-1"]
[WhiteElo "1799"]
[BlackElo "1901"]
[PlyCount "94"]
[EventDate "2012.08.31"]
[EventType "swiss"]
[EventRounds "6"]
[EventCountry "ITA"]
[SourceTitle "EXT 2014"]
[Source "ChessBase"]
[SourceDate "2013.11.20"]
[SourceVersion "1"]
[SourceVersionDate "2013.11.20"]
[SourceQuality "1"]

1. e4 Nf6 2. e5 Nd5 3. d4 d6 4. c4 Nb6 5. f4 g6 6. Be3 Bg7 7. Nc3 Be6 8. Nf3 0-0 9. b3 c5 10. d5 Bg4 11. Rc1 N8d7 12. exd6 exd6 13. Be2 Re8 14. Qd2 Bxf3 15. Bxf3 a6 16. 0-0 Rxe3 17. Ne2 Qe7 18. Kh1 Re8 19. Ng3 f5 20. Rc2 Re1 21. Be2 Rxf1+ 22. Nxf1 Nf6 23. Ng3 Ne4 24. Qa5 Nf2+ 25. Kg1 Qe3 26. Kf1 Nd3 27. Bxd3 Qxd3+ 28. Re2 Rxe2 29. Nxe2 Bd4 30. Ke1 Be3 31. g3 Kf7 32. Kf1 Nd7 33. Qd8 Qd1+ 34. Kg2 Qxe2+ 35. Kh3 Bg1 36. Qxd7+ Qe7 37. Qxe7+ Kxe7 38. Kg2 Bd4 39. Kf3 Kf6 40. h3 h6 41. g4 g5 42. fxg5+ hxg5 43. Kg3 Bc3 44. gxf5 Kxf5 45. Kf3 b5 46. Ke3 bxc4 47. bxc4 Ke5 0-1

[Event "Pescia op-A 4th"]
[Site "Pescia"]
[Date "2011.09.18"]
[Round "5"]
[White "Blengino, Cristiano"]
[Black "Mazzeo, Gabriele"]
[Result "1/2-1/2"]
[WhiteElo "1892"]
[BlackElo "1789"]
[PlyCount "75"]
[EventDate "2011.09.16"]
[EventType "swiss"]
[EventRounds "5"]
[EventCountry "ITA"]
[SourceTitle "EXT 2015"]
[Source "ChessBase"]
[SourceDate "2014.11.20"]
[SourceVersion "1"]
[SourceVersionDate "2014.11.20"]
[SourceQuality "1"]

1. d4 d5 2. Nf3 Nf6 3. c4 e6 4. g3 Be7 5. Bg2 0-0 6. Qc2 Nbd7 7. 0-0 c5 8. cxd5 Nxd5 9. Nc3 Nxc3 10. bxc3 Nf6 11. Rd1 cxd4 12. cxd4 Bd7 13. Ne5 Rc8 14. Qb3 Bc6 15. Nxc6 bxc6 16. Ba3 Nd5 17. Bc5 Bxc5 18. dxc5 Qa5 19. Qc2 Rb8 20. e4 Nb4 21. Qc3 Rb5 22. a3 Na6 23. Qxa5 Rxa5 24. Rac1 Rxa3 25. Rd7 Nb4 26. Rcd1 g6 27. Rb7 Nd3 28. Rc7 Nxc5 29. Rxc6 Nb3 30. Bf1 a5 31. Kg2 Ra4 32. Bc4 Rb4 33. Bxb3 Rxb3 34. Ra6 Ra3 35. Rd7 Ra4 36. e5 Rc8 37. Raa7 Rf8 38. Ra6 1/2-1/2

[Event "Pescia op-A 4th"]
[Site "Pescia"]
[Date "2011.09.18"]
[Round "4"]
[White "Gasperoni, Claudio"]
[Black "Blengino, Cristiano"]
[Result "1-0"]
[WhiteElo "1822"]
[BlackElo "1892"]
[PlyCount "104"]
[EventDate "2011.09.16"]
[EventType "swiss"]
[EventRounds "5"]
[EventCountry "ITA"]
[SourceTitle "EXT 2015"]
[Source "ChessBase"]
[SourceDate "2014.11.20"]
[SourceVersion "1"]
[SourceVersionDate "2014.11.20"]
[SourceQuality "1"]

1. d4 Nf6 2. Nf3 g6 3. c4 d5 4. Nc3 Bg7 5. Bg5 dxc4 6. e3 c5 7. Bxc4 0-0 8. 0-0 Nc6 9. dxc5 Qa5 10. Bb5 Rd8 11. Qa4 Qc7 12. Rad1 Be6 13. Bf4 Qc8 14. Bxc6 Rxd1 15. Rxd1 Qxc6 16. Qxc6 bxc6 17. Nd4 Bd7 18. h3 h6 19. b4 Rc8 20. f3 Ne8 21. Bh2 Kf8 22. Ne4 Nc7 23. Bxc7 Rxc7 24. Rd3 f5 25. Ng3 Rb7 26. Nc2 Ke8 27. Ne2 Be6 28. Ned4 Bd5 29. Ra3 Kd7 30. Ra6 e5 31. Nb5 cxb5 32. Rd6+ Ke7 33. Rxd5 Rd7 34. e4 f4 35. Kf2 Ke6 36. Rxd7 Kxd7 37. Ke2 Bf6 38. Kd2 Kc6 39. Na3 Bh4 40. Nc2 Bf2 41. a4 a6 42. Kc3 Bg1 43. Ne1 Bd4+ 44. Kb3 a5 45. axb5+ Kxb5 46. bxa5 Bxc5 47. Nd3 Bd4 48. a6 Kxa6 49. Kc4 Kb6 50. Nxf4 Kc6 51. Nxg6 Kd6 52. f4 Ke6 1-0

[Event "Pescia op-A 4th"]
[Site "Pescia"]
[Date "2011.09.17"]
[Round "3"]
[White "Blengino, Cristiano"]
[Black "Del Nevo, Claudio"]
[Result "1-0"]
[WhiteElo "1892"]
[BlackElo "1831"]
[PlyCount "121"]
[EventDate "2011.09.16"]
[EventType "swiss"]
[EventRounds "5"]
[EventCountry "ITA"]
[SourceTitle "EXT 2015"]
[Source "ChessBase"]
[SourceDate "2014.11.20"]
[SourceVersion "1"]
[SourceVersionDate "2014.11.20"]
[SourceQuality "1"]

1. d4 d6 2. Nf3 Nf6 3. c4 g6 4. Nc3 Bg7 5. g3 0-0 6. Bg2 c6 7. h3 b6 8. 0-0 Nbd7 9. Qc2 Ba6 10. b3 Qc7 11. Bb2 Rac8 12. Rac1 Bh6 13. e3 d5 14. Nd2 b5 15. Rfd1 e5 16. Ne2 Qd6 17. c5 Qe6 18. b4 e4 19. Nc3 Bb7 20. a4 a6 21. Nb3 Ra8 22. Na5 Bc8 23. Ra1 Nb8 24. Qe2 Re8 25. Ra3 Re7 26. Rda1 Rea7 27. Nb3 Qe7 28. R3a2 Ne8 29. axb5 axb5 30. Rxa7 Rxa7 31. Na5 Be6 32. Nxb5 cxb5 33. Qxb5 Rxa5 34. Rxa5 Nd7 35. Ra8 Kg7 36. Qb7 Kf6 37. b5 Nd6 38. cxd6 Qxd6 39. Ba3 Qb6 40. Ra7 Qd8 41. Bb4 Kg7 42. Bf1 Bxe3 43. fxe3 Qg5 44. Be1 Qxe3+ 45. Bf2 Qf3 46. Qa6 e3 47. Qa2 exf2+ 48. Qxf2 Qd1 49. Kh2 Nf6 50. Bg2 Qh5 51. Kg1 Qd1+ 52. Kh2 Qh5 53. Qe1 Ne4 54. Ra1 Ng5 55. Qd1 Qh6 56. h4 Ne4 57. Bxe4 dxe4 58. d5 Bf5 59. Qd4+ Kf8 60. Ra8+ Ke7 61. Qe5+ 1-0

[Event "Pescia op-A 4th"]
[Site "Pescia"]
[Date "2011.09.17"]
[Round "2"]
[White "Srebrnic, Vojko"]
[Black "Blengino, Cristiano"]
[Result "1-0"]
[WhiteElo "2244"]
[BlackElo "1892"]
[PlyCount "93"]
[EventDate "2011.09.16"]
[EventType "swiss"]
[EventRounds "5"]
[EventCountry "ITA"]
[SourceTitle "EXT 2015"]
[Source "ChessBase"]
[SourceDate "2014.11.20"]
[SourceVersion "1"]
[SourceVersionDate "2014.11.20"]
[SourceQuality "1"]

1. e4 Nf6 2. e5 Nd5 3. c4 Nb6 4. d4 d6 5. exd6 exd6 6. Nc3 Nc6 7. Be3 Be7 8. Nf3 Bg4 9. h3 Bf5 10. Be2 0-0 11. 0-0 Bf6 12. Rc1 d5 13. c5 Nc8 14. b4 N8e7 15. b5 Na5 16. Qa4 b6 17. Rfd1 Ng6 18. Rd2 Re8 19. Bf1 Be6 20. Bd3 Nh4 21. Nxh4 Bxh4 22. Qd1 g6 23. Ne2 Qd7 24. Bf4 Rac8 25. c6 Qe7 26. Be5 f6 27. Bh2 Bg5 28. Bf4 Qf7 29. Rdc2 Bf5 30. Bxf5 gxf5 31. Qd3 Rxe2 32. Rxe2 Bxf4 33. Qxf5 Bxc1 34. Qxc8+ Kg7 35. Qd7 Ba3 36. Re8 Nc4 37. Rd8 Bd6 38. Qg4+ Qg6 39. Rd7+ Kf8 40. g3 Qxg4 41. hxg4 Na3 42. Rxd6 Nxb5 43. Rxd5 Nc3 44. Rd7 Nxa2 45. d5 Ke8 46. Rxc7 a5 47. d6 1-0